| 000 | 00000nam 2200000za 4500 |
| 001 | 9.806938 |
| 003 | CaOODSP |
| 005 | 20221107140022 |
| 007 | cr ||||||||||| |
| 008 | 151203s2008 oncado b f000 0 eng d |
| 040 | |aCaOODSP|beng |
| 041 | |aeng|afre |
| 043 | |an-cn--- |
| 086 | 1 |aCH57-4/1-2008-PDF |
| 245 | 00|aPreserving Aboriginal heritage |h[electronic resource] : |btechnical and traditional approaches: proceedings of a conference Symposium 2007 = Préserver le patrimoine autochtone : approches techniques et traditionnelles : actes d'un congrès Symposium 2007 / |cedited by Carole Dignard ... [et al.]. |
| 246 | 11|aPréserver le patrimoine autochtone : |bapproches techniques et traditionnelles : actes du Symposium 2007 |
| 260 | |aOttawa : |bCanadian Heritage, |cc2008. |
| 300 | |axxii, 406 p. : |bgraphs, ill., tables, photographs. |
| 500 | |a"Ottawa, Canada, September 24-28, 2007. Organized by the Canadian Conservation Institute". |
| 504 | |aIncludes bibliographical references. |
| 546 | |aText in English and French. |
| 692 | 07|2gccst|aAboriginal culture |
| 692 | 07|2gccst|aHeritage conservation |
| 692 | 07|2gccst|aMuseum collections |
| 700 | 1 |aDignard, Carole. |
| 710 | 1 |aCanada.|bCanadian Heritage. |bCanadian Conservation Institute. |
| 776 | 0#|tPreserving Aboriginal heritage, technical and traditional approaches : |w(CaOODSP)9.670573 |
| 792 | |tPreserving Aboriginal heritage |efre|w(CaOODSP)9.806949 |
| 856 | 40|qPDF|s144.39 MB|uhttps://publications.gc.ca/collections/collection_2015/pc-ch/CH57-4-1-2008.pdf |